Test your IQ : 400 questions to boost your brain power (Record no. 190639)
[ view plain ]
| 000 -LEADER | |
|---|---|
| fixed length control field | 00477nam a2200181Ia 4500 |
| 005 - DATE AND TIME OF LATEST TRANSACTION | |
| control field | 20250228114559.0 |
| 008 - FIXED-LENGTH DATA ELEMENTS--GENERAL INFORMATION | |
| fixed length control field | 231217s9999 xx 000 0 und d |
| 020 ## - INTERNATIONAL STANDARD BOOK NUMBER | |
| International Standard Book Number | 9788175545090 |
| 082 ## - DEWEY DECIMAL CLASSIFICATION NUMBER | |
| Classification number | 793.73 CAR;1 R |
| 100 ## - MAIN ENTRY--PERSONAL NAME | |
| Personal name | Carter, Philip. |
| 245 #0 - TITLE STATEMENT | |
| Title | Test your IQ : 400 questions to boost your brain power |
| 250 ## - EDITION STATEMENT | |
| Edition statement | 2nd ed. |
| 260 ## - PUBLICATION, DISTRIBUTION, ETC. (IMPRINT) | |
| Date of publication, distribution, etc. | 2009 |
| Name of publisher, distributor, etc. | Kogan Page |
| Place of publication, distribution, etc. | New Delhi |
| 300 ## - PHYSICAL DESCRIPTION | |
| Extent | 172 |
| 500 ## - GENERAL NOTE | |
| General note | 2012 Missing |
| 650 ## - SUBJECT ADDED ENTRY--TOPICAL TERM | |
| Topical term or geographic name as entry element | IQ,400,boost,brain |
| 942 ## - ADDED ENTRY ELEMENTS (KOHA) | |
| Koha item type | Books |
| Date last seen | Total Checkouts | Full call number | Accession number | Old discount | Cost, replacement price | Price effective from | Category | Lost status | Damaged status | Department | Withdrawn status | bill no. | bill date | Permanent Location | Current Location | Shelving location | Entry date | Vendor | Cost, normal purchase price | Grants | Currency symbol | Conversion rate | Discount | Discount type |
|---|---|---|---|---|---|---|---|---|---|---|---|---|---|---|---|---|---|---|---|---|---|---|---|---|
| 26/01/2024 | 793.73 CAR;1 R | 76181 | 20 | 140.00 | 26/01/2024 | Books | Central Library | SIPHO/2010/CRB/466 | 05/03/2015 | Central Library | Central Library | Central Library | 30/12/2010 | Surya Infotainment Products Pvt. Ltd. | 175.00 | MBA | RS | 1 | 35 | Rupees |
